Дело по прошению купца первой гильдии Людвига Нобеля и других о разрешении открыть динамитный завод

RUSMARC
00005143cbc2a2200253#x 450
0012f95613d-f115-4991-8c2d-4ec854e6644a
00520250815132414.0
100##$a20200122l18801882k l0rusy0189 ca
1010#$arus
102##$aRU
105##$ay###
1222#$ad18801226##
$ad18821206##
2001#$aДело по прошению купца первой гильдии Людвига Нобеля и других о разрешении открыть динамитный завод
$j26 декабря 1880 г. - 6 декабря 1882 г.
215##$a42 листа
$d36,5х26 см
251##$cДело
300##$aРукописный текст. Чернила
371##$aДокумент не является опубликованным и широко распространяемым
461#0$1001a74412a3-3cc5-4d21-8f0a-dfe2fbd9e72d
$12001
$aДепартамент народного просвещения Министерства народного просвещения
$1251
$cФонд
$1852
$j733
462#0$1001b9a276d4-d323-4460-802b-c90c516901b5
$12001
$a1831-1836 гг.
$vД. 174
$1251
$cОпись
$1852
$j41
801#0$aRU
$bРГИА
$c20200122
801#1$aRU
$bГлавНИВЦ
$c20200122
$2rusmarc
801#2$aRU
$bПБ им. Б.Н. Ельцина
$c20200525
$gRCR
$2rusmarc
850##$aФедеральное казенное учреждение "Российский государственный исторический архив"
852##$aРГИА
$j174
937##$hРГИА
$d12334711
$aASBIBLIO_SCAN
035##$aRuPRLIB12144808
856##$uhttp://readingroom.main.prlib.ru/item.aspx?id_node=n144689985&mode=full
600#1$2nlr_sh
$3RU\NLR\AUTH\661573562
$aНобель
$gЛюдвиг Эммануилович
$bЛ.И.
$f1831 - 1888
$jДокументы и материалы
6061#$2nlr_sh1
$3RU\NLR\AUTH\66368445
$aДинамит
$xПроизводство
$jДокументы и материалы
6061#$aИнженеры
$2nlr_sh
$3RU\NLR\AUTH\66826710
$yРоссия
$jДокументы и материалы
686##$2rubbk
$a63.3(2)522-202ю11
$vLBC/M
605##$2acquisition_Prlib
$3DITM\AF\0000002775
$aВласть
$lколлекция
605##$2acquisition_Prlib
$3DITM\AF\0000004166
$aРоссия в лицах
$lколлекция
Формат отображения